000
00380nam a22001577a 4500
003
MPLRDC
005
20220104144444.0
008
210129b ||||| |||| 00| 0 eng d
082
_a
471.9 YXSJ v.197
100
_a
不详
245
_a
音响世界, 197期
_c
260
_a
_b
郭良蕙新事业有限公司
_c
1994
300
_b
平
650
_a
942
_c
BK
_o
471.9 YXSJ v.197
999
_c
49789
_d
49779